000 00442nam a2200181Ia 4500
001 976
005 20260306140558.0
008 260306t2001||||xx |||||||||||||| ||spa||
041 _aESP
082 _a174.9574
_bE85
100 _aCastilla García, Aurelio (Coord.)
_eAUT
245 0 _aBioética en ciencias de la salud
260 _c2001
300 _a575 páginas :
_c24 cm.
650 _aGEN
654 _aCPS
942 _cLIB
_dJUS
_fJUS
_2ddc
_n
999 _c976
_d976